Left Handed Speed Typing - Statistics

General Stats
  • This quiz has been taken 634 times
  • The average score is 38 of 44
Answer Stats
Answer % Correct
ass ass
100%
rat rat
100%
awes awes
99%
raw raw
99%
vet vet
99%
zee zee
99%
agate agate
98%
case case
98%
egged egged
98%
gags gags
98%
grad grad
98%
vase vase
98%
exact exact
97%
gates gates
97%
geese geese
97%
grew grew
97%
saga saga
97%
waxed waxed
97%
wedge wedge
97%
tweed tweed
96%
faeces faeces
95%
gassed gassed
95%
reface reface
95%
veers veers
95%
adders adders
94%
graved graved
93%
average average
92%
grazer grazer
92%
erected erected
89%
exerted exerted
87%
starred starred
85%
sweeter sweeter
83%
desserts desserts
80%
eagerest eagerest
79%
extracts extracts
75%
tweezers tweezers
72%
vegetate vegetate
68%
addressed addressed
64%
devastate devastate
60%
westwards westwards
56%
effervesced effervesced
45%
resegregate resegregate
41%
stewardesses stewardesses
33%
sweaterdresses sweaterdresses
30%
No matching quizzes found
Score Distribution
Percent of People with Each Score
Percentile by Number Answered
Your Score History
You have not taken this quiz